Nepriame stanovenie síranov metódou AAS
Salvato in:
| Autore principale: | |
|---|---|
| Altri autori: | |
| Natura: | Manoscritto Libro |
| Lingua: | slovacco |
| Pubblicazione: |
2015
|
| Soggetti: | |
| Accesso online: | http://is.stuba.sk/zp/portal_zp.pl?podrobnosti=101537 |
| Tags: |
Nessun Tag, puoi essere il primo ad aggiungerne!!
|
MARC
| LEADER | 00000ntm a22000003a 4500 | ||
|---|---|---|---|
| 001 | stuzp52529 | ||
| 003 | SK-STU | ||
| 005 | 20160719154212.1 | ||
| 007 | ta | ||
| 008 | 150427s2015----xo-----f-mn---000-0-slo-d | ||
| 040 | |a STU |b slo | ||
| 041 | 0 | |a slo | |
| 100 | 1 | |a Džurný, Juraj |u 041180 |4 aut |U FCHPT Ústav analytickej chémie |T FCHPT Oddelenie analytickej chémie |X 60961 |U C1180 |Y 108 |7 60961 | |
| 242 | 0 | 1 | |a Indirect determination of sulphates by atomic absorption spectrometry |y eng |
| 245 | 1 | 0 | |a Nepriame stanovenie síranov metódou AAS |
| 260 | |c 2015 | ||
| 650 | 4 | |a FAAS |2 slo | |
| 650 | 4 | |a sírany |2 slo | |
| 650 | 4 | |a MP - AES |2 slo | |
| 650 | 4 | |a sulphates |2 eng | |
| 650 | 4 | |a FAAS |2 eng | |
| 650 | 4 | |a MP - AES |2 eng | |
| 700 | 1 | |a Čacho, František |4 ths |X 19738 |7 A0000019738 | |
| 856 | 4 | |u http://is.stuba.sk/zp/portal_zp.pl?podrobnosti=101537 | |
| SQL | |a stuzp52529 |b DBP |c SLO |d Nepriame stanovenie síranov metódou AAS |e 60961 |f Džurný, Juraj |g 041180 |h 19738 |i Čacho, František |j 20150713 |k 753 |l 04 |m http://is.stuba.sk/zp/portal_zp.pl?podrobnosti=101537 |n B-CHEMAT |o 4.1.14. chémia, 5.2.18. chemické technológie | ||